000 00281nam a2200097Ia 4500
008 241105s9999 xx 000 0 und d
041 _aeng
100 _aNimbalkar Shalaka
_9182664
245 _aUrban Micro Climate Analysis Of Pune City : Aundh
260 _bBNCA M Arch EA, Pune
_c2014
999 _c360955
_d360955